Jours de famine et de détresse, (Record no. 3139)
[ view plain ]
| 000 -LEADER | |
|---|---|
| fixed length control field | 00609cam a22002051 4500 |
| 001 - CONTROL NUMBER | |
| control field | af 47005493 |
| 003 - CONTROL NUMBER IDENTIFIER | |
| control field | DLC |
| 005 - DATE AND TIME OF LATEST TRANSACTION | |
| control field | 20260227110832.0 |
| 008 - FIXED-LENGTH DATA ELEMENTS--GENERAL INFORMATION | |
| fixed length control field | 940127s1943 be 000 1 fre c |
| 010 ## - LIBRARY OF CONGRESS CONTROL NUMBER | |
| LC control number | af 47005493 |
| 035 ## - SYSTEM CONTROL NUMBER | |
| System control number | (OCoLC)29696583 |
| 040 ## - CATALOGING SOURCE | |
| Original cataloging agency | New York. Public library |
| Transcribing agency | NcU |
| Modifying agency | NcU |
| -- | DLC |
| 042 ## - AUTHENTICATION CODE | |
| Authentication code | premarc |
| 050 00 - LIBRARY OF CONGRESS CALL NUMBER | |
| Classification number | PQ2607.O43 |
| Item number | J6 1943 |
| 100 1# - MAIN ENTRY--PERSONAL NAME | |
| Personal name | Doff, Neel, |
| Dates associated with a name | 1858-1941. |
| 245 10 - TITLE STATEMENT | |
| Title | Jours de famine et de détresse, |
| Remainder of title | roman. |
| 260 ## - PUBLICATION, DISTRIBUTION, ETC. | |
| Place of publication, distribution, etc. | [Bruxelles] |
| Name of publisher, distributor, etc. | Éditions de la Toison d'or |
| Date of publication, distribution, etc. | [1943] |
| 300 ## - PHYSICAL DESCRIPTION | |
| Extent | 2 p. l., [7]-210 p., 1 l. |
| Dimensions | 18 cm. |
| 490 0# - SERIES STATEMENT | |
| Series statement | Collection La Porte ouverte |
No items available.